Riconosci il Pokémon - Quiz n°487 - Statistics

Statistiche generali
  • Questo quiz è stato fatto 0 volte
  • Il punteggio medio è 0 su 10
Statistiche sulle risposte
Indizio Risposta % Corretto
Altezza 0,4 m
0%
Tasso di cattura 45 (11.9%)
0%
Sesso 87.5% ♂, 12.5% ♀
0%
Peso 9,4 kg
0%
Abilità Aiutofuoco; Prestigiatore
0%
Pokémon Fennekin
0%
Stadio evoluzione Forma Base
0%
Tipo Fuoco
0%
Tasso di allevamento Medio-Lento
0%
Generazione Sesta
0%
Nessun quiz corrispondente trovato
Distribuzione punteggi
Percentuale di utenti per punteggio
Percentile per numero di risposta
I tuoi punteggi nel tempo
Non hai fatto questo quiz